NLSUI OPAC header image

World development report 1995 : Workers in an integrating world (Record no. 8633)

MARC details
000 -LEADER
fixed length control field 01925nam a2200241Ia 4500
003 - CONTROL NUMBER IDENTIFIER
control field OSt
005 - DATE AND TIME OF LATEST TRANSACTION
control field 20210824170039.0
008 - FIXED-LENGTH DATA ELEMENTS--GENERAL INFORMATION
fixed length control field 160316s1995 xxu||||| |||| 00| 0 eng d
020 ## - INTERNATIONAL STANDARD BOOK NUMBER
International Standard Book Number 0-19-520991-5 (Cloths)
020 ## - INTERNATIONAL STANDARD BOOK NUMBER
International Standard Book Number 0-19-520992-3 (Paperback)
040 ## - CATALOGING SOURCE
Transcribing agency nls
082 ## - DEWEY DECIMAL CLASSIFICATION NUMBER
Classification number 338.900000
Item number WOR
100 ## - MAIN ENTRY--PERSONAL NAME
Personal name
245 ## - TITLE STATEMENT
Title World development report 1995 : Workers in an integrating world
260 ## - PUBLICATION, DISTRIBUTION, ETC.
Place of publication, distribution, etc. oxford
Name of publisher, distributor, etc. Oxford University Press
Date of publication, distribution, etc. 1995
300 ## - PHYSICAL DESCRIPTION
Extent 251
Dimensions ix
365 ## - TRADE PRICE
Price amount Rs.195/-
505 ## - FORMATTED CONTENTS NOTE
Formatted contents note Contents;<br/>Definitions and Data Notes viii;<br/>Overview 1;<br/>1 Introduction: A World at Work 9;<br/>Part One;<br/>Which Development Strategies Are Good for Workers? 15;<br/>2 Economic Growth and the Returns to Work 16;<br/>3 Households, Growth, and Employment 23;<br/>4 Policy and Patterns of Labor Demand 30;<br/>5 Skills for Development 36;<br/>6 Markets, Labor, and Inequality 41;<br/>Part Two;<br/>Is International Integration an Opportunity or a Threat to Workers? 49;<br/>7 The Emerging Global Labor Market 50;<br/>8 A Changing International Division of Labor 54;<br/>9 Capital Mobility: Blessing or Curse? 61;<br/>10 International Migration 64;<br/>Part Three;<br/>How Should Governments Intervene in Labor Markets? 69;<br/>11 Public Policy and Labor Standards 70;<br/>12 The Role of Unions 79;<br/>13 Dealing with Income Insecurity 86;<br/>14 The Government as an Employer 91;<br/>Part Four;<br/>How Can Policy Choices Help Workers in Periods of Major Change? 97;<br/>15 Patterns of Reform 98;<br/>16 Winners and Losers 103;<br/>17 Employment Restructuring 108;<br/>Part Five;<br/>The Outlook for Workers in the Twenty-First Century 117;<br/>18 Policy Choices and the Prospects for Workers 118;<br/>Bibliographical Note 126;<br/>Appendix: International Labor Statistics 143;<br/>World Development Indicators 153.<br/>
650 ## - SUBJECT ADDED ENTRY--TOPICAL TERM
Topical term or geographic name entry element 1.Economics - Socio-economic Development - Economic Development - World Bank Report
700 ## - ADDED ENTRY--PERSONAL NAME
Personal name
--
856 ## - ELECTRONIC LOCATION AND ACCESS
Uniform Resource Identifier <a href="http://hdl.handle.net/10986/5978">http://hdl.handle.net/10986/5978</a>
942 ## - ADDED ENTRY ELEMENTS (KOHA)
Source of classification or shelving scheme Dewey Decimal Classification
Koha item type BOOKs
Holdings
Withdrawn status Lost status Damaged status Not for loan Home library Current library Shelving location Date acquired Cost, normal purchase price Total Checkouts Full call number Barcode Date last seen Price effective from Koha item type
        NLS NLS   30/05/2017 195.00   338.9 WOR 8890 14/06/2024 30/05/2017 BOOKs